| 000 | 00447nam a2200169 i 4500 | ||
|---|---|---|---|
| 001 | 21523 | ||
| 003 | ES-MaACL | ||
| 005 | 20230906152509.0 | ||
| 007 | t| | ||
| 008 | 021126s1968 sp ||||1| spa d | ||
| 100 | 1 |
_aAlbornoz, Miguel. _919413 |
|
| 245 | 1 | 3 |
_aEl capelo y la espada / _cMiguel Albornoz. |
| 250 | _a[1ยช ed.]. | ||
| 260 |
_aBarcelona : _bRM, _c[1968] |
||
| 300 |
_a296 p. : _bil. ; _c19 cm. |
||
| 852 |
_aES-MaACL _jC-34778 _bR.66523 |
||
| 999 |
_c21523 _d21523 |
||